Vlajky zemí začínající na R nebo Ř - Statistics

General Stats
  • This quiz has been taken 65 times
  • The average score is 5 of 6
Answer Stats
Picture Answer % Correct
Řecko
100%
Rusko
100%
Rakousko
98%
Rumunsko
94%
Rwanda
80%
Rovníková Guinea
56%
No matching quizzes found
Score Distribution
Percent of People with Each Score
Percentile by Number Answered
Your Score History
You have not taken this quiz